[Event "Madrid San Viator op-A 31st"]
[Site "Madrid"]
[Date "2019.11.10"]
[Round "8"]
[White "Munoz Cebey, Ricardo"]
[Black "Garcia Galeote, Lorenzo"]
[Result "1-0"]
[WhiteElo "1845"]
[BlackElo "1873"]
[PlyCount "99"]
[EventDate "2019.09.08"]
[EventType "swiss"]
[EventRounds "9"]
[EventCountry "ESP"]
[SourceTitle "EXT 2022"]
[Source "ChessBase"]
[SourceDate "2021.10.06"]
[SourceVersion "1"]
[SourceVersionDate "2021.10.06"]
[SourceQuality "1"]

1. c4 g6 2. Nc3 Bg7 3. g3 d6 4. Bg2 e5 5. d3 Nc6 6. Rb1 f5 7. Nf3 Nge7 8. 0-0 0-0 9. Bd2 Nd4 10. e3 Nxf3+ 11. Bxf3 c6 12. Qb3 Rb8 13. Bg2 Be6 14. Qa3 a6 15. f4 b5 16. cxb5 axb5 17. b4 Ra8 18. Qb2 exf4 19. Rxf4 Rxa2 20. Qc1 Ra6 21. Qe1 Qb6 22. Kh1 Nd5 23. Nxd5 Bxd5 24. e4 Be6 25. Bc3 Ra3 26. Bxg7 Kxg7 27. exf5 Bxf5 28. g4 Rxd3 29. gxf5 Re3 30. Qf2 Rfe8 31. f6+ Kf7 32. Qh4 h5 33. Qg5 Re1+ 34. Rxe1 Rxe1+ 35. Bf1 Qe3 36. Qg3 Qc1 37. Qf2 c5 38. bxc5 dxc5 39. Qa2+ Kf8 40. Qa8+ Re8 41. Qf3 Qa1 42. Qb7 Qa8 43. Qxa8 Rxa8 44. Bxb5 g5 45. Rf5 Rb8 46. Bc4 Rb6 47. f7 Rb2 48. Rxg5 Rf2 49. Rg8+ Ke7 50. Re8+ 1-0

[Event "Madrid San Viator op-A 30th"]
[Site "Madrid"]
[Date "2018.05.13"]
[Round "5"]
[White "Munoz Cebey, Ricardo"]
[Black "Barahona Torrijos, Angel"]
[Result "1-0"]
[WhiteElo "1793"]
[BlackElo "1862"]
[PlyCount "88"]
[EventDate "2018.04.08"]
[EventType "swiss"]
[EventRounds "9"]
[EventCountry "ESP"]
[SourceTitle "EXT 2019"]
[Source "ChessBase"]
[SourceDate "2018.10.10"]
[SourceVersion "1"]
[SourceVersionDate "2018.10.10"]
[SourceQuality "1"]

1. c4 e5 2. g3 f5 3. Bg2 Nf6 4. e3 Nc6 5. Ne2 e4 6. d3 Bb4+ 7. Nbc3 exd3 8. Qxd3 Ne5 9. Qxf5 d6 10. Qc2 0-0 11. 0-0 Be6 12. b3 Qc8 13. Nd4 Bh3 14. Nd5 Nxd5 15. cxd5 Bxg2 16. Kxg2 Qg4 17. f3 Qh5 18. Qe2 Bc3 19. Bb2 Bxb2 20. Qxb2 c5 21. dxc6 bxc6 22. Qe2 c5 23. Ne6 Rf6 24. Nf4 Qf7 25. Nd3 Ng6 26. Rae1 Rc8 27. e4 Re6 28. Qf2 Re7 29. Rc1 Rec7 30. Rc4 Ne7 31. Nf4 g5 32. Nd3 Nc6 33. Qe3 Qg7 34. f4 Na5 35. Ra4 c4 36. Rxa5 Qc3 37. Rxg5+ Kh8 38. bxc4 Rxc4 39. Rc1 Qa3 40. Rxc4 Rxc4 41. Qd2 h6 42. Rd5 Rxe4 43. Nf2 Re6 44. Ra5 Qc5 1-0

[Event "Madrid San Viator op-A 28th"]
[Site "Madrid"]
[Date "2017.05.21"]
[Round "7"]
[White "Munoz Cebey, Ricardo"]
[Black "Lobato Rivero, Carlos"]
[Result "1/2-1/2"]
[WhiteElo "1797"]
[BlackElo "1969"]
[PlyCount "66"]
[EventDate "2017.03.26"]
[EventType "swiss"]
[EventRounds "9"]
[EventCountry "ESP"]
[SourceTitle "EXT 2018"]
[Source "ChessBase"]
[SourceDate "2017.10.13"]
[SourceVersion "1"]
[SourceVersionDate "2017.10.13"]
[SourceQuality "1"]

1. c4 e5 2. g3 Nc6 3. Bg2 f5 4. Nc3 Nf6 5. a3 a5 6. e3 g6 7. Nge2 Bg7 8. d3 0-0 9. 0-0 d6 10. Rb1 Kh8 11. b4 axb4 12. axb4 Ne7 13. d4 c6 14. b5 e4 15. d5 c5 16. Bb2 g5 17. Ra1 Rxa1 18. Qxa1 Ng6 19. Na4 Bd7 20. g4 Qe7 21. gxf5 Bxf5 22. Ng3 Nh4 23. Nxf5 Nxf5 24. Qb1 Re8 25. Nc3 Nh4 26. Qd1 g4 27. Ne2 Qf7 28. Nf4 Nf3+ 29. Kh1 Nh5 30. Bxg7+ Nxg7 31. Qc1 Nd2 32. Rg1 Nxc4 33. Ne6 Ne5 1/2-1/2

[Event "Madrid San Viator op-A 27th"]
[Site "Madrid"]
[Date "2016.10.23"]
[Round "6"]
[White "Munoz Cebey, Ricardo"]
[Black "Padin Lazaro, Jose Manuel"]
[Result "1-0"]
[WhiteElo "1758"]
[BlackElo "1913"]
[PlyCount "129"]
[EventDate "2016.09.25"]
[EventType "swiss"]
[EventRounds "9"]
[EventCountry "ESP"]
[SourceTitle "EXT 2019"]
[Source "ChessBase"]
[SourceDate "2018.10.10"]
[SourceVersion "1"]
[SourceVersionDate "2018.10.10"]
[SourceQuality "1"]

1. c4 c5 2. Nf3 Nc6 3. Nc3 e6 4. g3 g6 5. Bg2 Bg7 6. 0-0 Nge7 7. d3 0-0 8. Bg5 h6 9. Bd2 b6 10. Qc1 Kh7 11. Nb5 d6 12. Bc3 e5 13. a4 a6 14. Na3 Bb7 15. Nc2 Qd7 16. e4 Nd4 17. Ncxd4 exd4 18. Bd2 f5 19. Ne1 fxe4 20. dxe4 Qe6 21. Qc2 Kh8 22. f3 Rae8 23. Qb3 Bc6 24. Qc2 b5 25. cxb5 axb5 26. Qc1 Kh7 27. a5 b4 28. Rf2 Bb5 29. Bf1 Qd7 30. Bc4 Ra8 31. Nd3 Rfc8 32. Nf4 Bxc4 33. Qxc4 g5 34. Nh5 d5 35. exd5 Qxd5 36. Qxd5 Nxd5 37. Nxg7 Kxg7 38. Re2 Re8 39. Kf2 Kf6 40. h3 Re6 41. Rxe6+ Kxe6 42. f4 gxf4 43. gxf4 Kf5 44. Kf3 Re8 45. a6 c4 46. a7 Ra8 47. Ra5 c3 48. Rxd5+ Ke6 49. Re5+ Kd6 50. bxc3 dxc3 51. Bxc3 bxc3 52. Re3 c2 53. Rc3 Rxa7 54. Rxc2 h5 55. Re2 Ra3+ 56. Re3 Rxe3+ 57. Kxe3 Kd5 58. h4 Kd6 59. Kd4 Ke6 60. Ke4 Kf6 61. f5 Kf7 62. Ke5 Ke7 63. f6+ Kf7 64. Kf5 Kf8 65. Kg6 1-0

[Event "Madrid San Viator op-A 26th"]
[Site "Madrid"]
[Date "2016.05.29"]
[Round "8"]
[White "Munoz Cebey, Ricardo"]
[Black "Blanco Diez, David"]
[Result "1/2-1/2"]
[WhiteElo "1751"]
[BlackElo "1819"]
[PlyCount "53"]
[EventDate "2016.04.03"]
[EventType "swiss"]
[EventRounds "9"]
[EventCountry "ESP"]
[SourceTitle "EXT 2017"]
[Source "ChessBase"]
[SourceDate "2016.10.25"]
[SourceVersion "1"]
[SourceVersionDate "2016.10.25"]
[SourceQuality "1"]

1. c4 e6 2. Nf3 d5 3. b3 Nf6 4. g3 Be7 5. Bg2 0-0 6. 0-0 b6 7. Bb2 Bb7 8. e3 c5 9. cxd5 Nxd5 10. Nc3 Nd7 11. d4 Rc8 12. Rc1 N7f6 13. Qe2 cxd4 14. Nxd4 Nxc3 15. Bxc3 Bxg2 16. Kxg2 Ba3 17. Bb2 Bxb2 18. Qxb2 Qd5+ 19. Kg1 Ne4 20. Nf3 Nc5 21. Qe2 Rfd8 22. Rfd1 Qb7 23. Rxd8+ Rxd8 24. Rd1 Rd5 25. Rxd5 Qxd5 26. Qd2 Qxd2 27. Nxd2 1/2-1/2

[Event "Madrid San Viator op-B 25th"]
[Site "Madrid"]
[Date "2015.11.08"]
[Round "7"]
[White "Jimenez Alvaro, Angel"]
[Black "Munoz Cebey, Ricardo"]
[Result "0-1"]
[WhiteElo "1742"]
[BlackElo "1693"]
[PlyCount "51"]
[EventDate "2015.10.04"]
[EventType "swiss"]
[EventRounds "9"]
[EventCountry "ESP"]
[SourceTitle "EXT 2019"]
[Source "ChessBase"]
[SourceDate "2018.10.10"]
[SourceVersion "1"]
[SourceVersionDate "2018.10.10"]
[SourceQuality "1"]

1. d4 d5 2. Bf4 Nf6 3. e3 c5 4. c3 Nc6 5. Nd2 Bf5 6. Qb3 Qc8 7. dxc5 e5 8. Bg5 Be6 9. Ngf3 Bxc5 10. Bb5 Nd7 11. Qa4 a6 12. Bxc6 bxc6 13. 0-0 0-0 14. Rac1 f6 15. Bh4 Qb7 16. Nb3 Rfc8 17. Rfd1 Bf8 18. Bg3 Nb6 19. Qh4 Qf7 20. Bxe5 fxe5 21. Nxe5 Qf6 22. Nf3 Qxh4 23. Nxh4 c5 24. Nd2 Na4 25. b3 Nb2 26. Re1 0-1

[Event "Madrid San Viator op-B 25th"]
[Site "Madrid"]
[Date "2015.10.04"]
[Round "1"]
[White "Munoz Cebey, Ricardo"]
[Black "Aranda Perez, Ivan"]
[Result "1-0"]
[WhiteElo "1693"]
[BlackElo "1420"]
[PlyCount "83"]
[EventDate "2015.10.04"]
[EventType "swiss"]
[EventRounds "9"]
[EventCountry "ESP"]
[SourceTitle "EXT 2019"]
[Source "ChessBase"]
[SourceDate "2018.10.10"]
[SourceVersion "1"]
[SourceVersionDate "2018.10.10"]
[SourceQuality "1"]

1. c4 d6 2. g3 g6 3. Bg2 Bg7 4. Nc3 Nf6 5. Nf3 e5 6. d3 0-0 7. 0-0 Nc6 8. Rb1 Be6 9. b4 a6 10. a4 Ne7 11. Ng5 Bc8 12. Qb3 h6 13. Nf3 c6 14. b5 axb5 15. axb5 c5 16. Bb2 Be6 17. Ra1 Rxa1 18. Rxa1 b6 19. Ra6 Bc8 20. Ra7 Be6 21. Qa2 Nc8 22. Ra8 Qc7 23. Nd2 Bd7 24. Qa6 Be6 25. Bb7 Ne7 26. Ra7 Nc8 27. Bxc8 Qxc8 28. Qxb6 d5 29. Rc7 Qa8 30. Qxc5 dxc4 31. dxc4 Rd8 32. Nf3 e4 33. Ra7 Qb8 34. Nd4 Bf8 35. Qc7 Qxc7 36. Rxc7 Rxd4 37. Nxe4 Rxe4 38. Bxf6 Rxc4 39. Ra7 Bh3 40. Ra1 Bc5 41. Ra8+ Kh7 42. Rh8# 1-0

[Event "Madrid San Viator op 23rd"]
[Site "Madrid"]
[Date "2014.11.16"]
[Round "8"]
[White "Munoz Cebey, Ricardo"]
[Black "Castro Uceda, Jose Antonio"]
[Result "1-0"]
[WhiteElo "1779"]
[BlackElo "1582"]
[PlyCount "101"]
[EventDate "2014.09.28"]
[EventType "swiss"]
[EventRounds "9"]
[EventCountry "ESP"]
[SourceTitle "EXT 2016"]
[Source "ChessBase"]
[SourceDate "2015.10.08"]
[SourceVersion "1"]
[SourceVersionDate "2015.10.08"]
[SourceQuality "1"]

1. c4 c5 2. Nc3 Nc6 3. g3 e6 4. Bg2 Nf6 5. Nf3 d5 6. cxd5 exd5 7. d4 c4 8. 0-0 Be7 9. b3 Bb4 10. Bb2 Bxc3 11. Bxc3 b5 12. bxc4 bxc4 13. Ne5 Bd7 14. Nxc6 Bxc6 15. Bb4 Rb8 16. Rb1 Ne4 17. Qc1 a5 18. Be1 0-0 19. Rxb8 Qxb8 20. Bxa5 Qa7 21. Bxe4 Qxa5 22. Bb1 Rc8 23. e3 Rb8 24. Re1 c3 25. e4 c2 26. Bxc2 Qxa2 27. Bb1 Qa4 28. exd5 Bxd5 29. Qc2 Qxc2 30. Bxc2 g6 31. Be4 Rd8 32. Bxd5 Rxd5 33. Rd1 Kg7 34. Kf1 Kf6 35. Ke2 Kf5 36. Kd3 Ke6 37. Ra1 Rf5 38. Ra6+ Kd7 39. f4 Rb5 40. Ra7+ Ke6 41. Kc4 Rd5 42. Ra6+ Rd6 43. Rxd6+ Kxd6 44. d5 h6 45. Kd4 f6 46. g4 h5 47. gxh5 gxh5 48. h4 f5 49. Kc4 Kd7 50. Kc5 Kd8 51. d6 1-0

[Event "Madrid San Viator op 23rd"]
[Site "Madrid"]
[Date "2014.11.09"]
[Round "7"]
[White "Garcia Galeote, Lorenzo"]
[Black "Munoz Cebey, Ricardo"]
[Result "1-0"]
[WhiteElo "1950"]
[BlackElo "1779"]
[PlyCount "41"]
[EventDate "2014.09.28"]
[EventType "swiss"]
[EventRounds "9"]
[EventCountry "ESP"]
[SourceTitle "EXT 2016"]
[Source "ChessBase"]
[SourceDate "2015.10.08"]
[SourceVersion "1"]
[SourceVersionDate "2015.10.08"]
[SourceQuality "1"]

1. d4 d5 2. Nf3 Nf6 3. Bf4 c5 4. c3 e6 5. e3 Nbd7 6. Nbd2 Be7 7. Bd3 b6 8. Ne5 Nxe5 9. dxe5 Nd7 10. h4 Bb7 11. Qg4 Bf8 12. Nf3 h6 13. Qh5 Be7 14. Ng5 Bxg5 15. hxg5 Qc7 16. g6 0-0-0 17. gxf7 Rdf8 18. Qg6 Qc6 19. f3 c4 20. Bc2 Nc5 21. Qxg7 1-0

[Event "Madrid San Viator op 23rd"]
[Site "Madrid"]
[Date "2014.10.26"]
[Round "5"]
[White "Martin Hernandez, Vicente"]
[Black "Munoz Cebey, Ricardo"]
[Result "1/2-1/2"]
[WhiteElo "1950"]
[BlackElo "1779"]
[PlyCount "87"]
[EventDate "2014.09.28"]
[EventType "swiss"]
[EventRounds "9"]
[EventCountry "ESP"]
[SourceTitle "EXT 2016"]
[Source "ChessBase"]
[SourceDate "2015.10.08"]
[SourceVersion "1"]
[SourceVersionDate "2015.10.08"]
[SourceQuality "1"]

1. d4 d5 2. c4 dxc4 3. Nc3 a6 4. a4 Nc6 5. e3 Na5 6. Nf3 Bg4 7. Be2 Nf6 8. 0-0 e6 9. Ne5 Bxe2 10. Qxe2 c5 11. Rd1 cxd4 12. Rxd4 Qc7 13. f4 Rc8 14. Rb1 Bc5 15. Rd1 0-0 16. Bd2 Rfd8 17. Be1 Rxd1 18. Rxd1 Rd8 19. Rxd8+ Qxd8 20. Bf2 h6 21. h3 Nd5 22. Qd1 Bb6 23. Ne4 Qc7 24. Qe2 c3 25. bxc3 Nxc3 26. Qc2 Nxe4 27. Qxe4 Nc6 28. Nxc6 Qxc6 29. Qxc6 bxc6 30. Kf1 Kf8 31. Ke2 Ke7 32. Kd3 f5 33. Bh4+ Kd6 34. e4 g6 35. g4 h5 36. gxh5 gxh5 37. exf5 exf5 38. Kc4 Be3 39. Bg5 c5 40. Bh6 Kc6 41. Bg5 Bd4 42. Be7 Be3 43. Bg5 Bd4 44. Be7 1/2-1/2

[Event "Madrid San Viator op 23rd"]
[Site "Madrid"]
[Date "2014.10.19"]
[Round "4"]
[White "Jimenez Sanchez, Juan Daniel"]
[Black "Munoz Cebey, Ricardo"]
[Result "0-1"]
[WhiteElo "1367"]
[BlackElo "1779"]
[PlyCount "76"]
[EventDate "2014.09.28"]
[EventType "swiss"]
[EventRounds "9"]
[EventCountry "ESP"]
[SourceTitle "EXT 2016"]
[Source "ChessBase"]
[SourceDate "2015.10.08"]
[SourceVersion "1"]
[SourceVersionDate "2015.10.08"]
[SourceQuality "1"]

1. d4 d5 2. Nf3 Nf6 3. c4 dxc4 4. g3 e6 5. Bg2 Nbd7 6. 0-0 c6 7. Qc2 Bd6 8. Qxc4 0-0 9. Nbd2 Qe7 10. Qc2 e5 11. dxe5 Nxe5 12. Nxe5 Bxe5 13. Nf3 Bc7 14. Bg5 h6 15. Be3 Re8 16. h3 Nd5 17. Bc5 Qxe2 18. Nd2 Be6 19. Rfe1 Qa6 20. Bf1 b5 21. Re2 Qc8 22. g4 Qd7 23. f3 a6 24. a3 Rac8 25. Rd1 Bb8 26. Ne4 Qb7 27. g5 hxg5 28. Nxg5 Nf6 29. Re4 Ba7 30. Bd3 Bxc5+ 31. Qxc5 Nxe4 32. Bxe4 Qe7 33. Qc1 Bd5 34. Qf4 Bxe4 35. Qh4 Bg6 36. Rf1 Rcd8 37. f4 Qe3+ 38. Rf2 Rd2 0-1

[Event "Madrid-ch"]
[Site "Madrid"]
[Date "2014.03.01"]
[Round "9"]
[White "Munoz Cebey, Ricardo"]
[Black "Morona Minguez, Miguel"]
[Result "0-1"]
[WhiteElo "1878"]
[BlackElo "1622"]
[PlyCount "68"]
[EventDate "2014.02.06"]
[EventType "swiss"]
[EventRounds "9"]
[EventCountry "ESP"]
[SourceTitle "CBM 159 Extra"]
[Source "ChessBase"]
[SourceDate "2014.04.24"]
[SourceVersion "1"]
[SourceVersionDate "2014.04.24"]
[SourceQuality "1"]

1. c4 e5 2. Nc3 Nf6 3. g3 Bc5 4. Bg2 Nc6 5. d3 0-0 6. Nf3 d6 7. 0-0 Re8 8. e3 Bg4 9. h3 Bxf3 10. Bxf3 Qd7 11. Bg2 Rab8 12. a3 a6 13. b4 Ba7 14. Bb2 Ne7 15. d4 Ng6 16. Qd2 c6 17. Rad1 exd4 18. exd4 d5 19. cxd5 Nxd5 20. Nxd5 cxd5 21. Rfe1 Re6 22. Rxe6 fxe6 23. Re1 Rf8 24. Qe2 Rf6 25. f4 Ne7 26. Kh2 Nf5 27. Rd1 Qc7 28. Rd3 Rg6 29. Bxd5 Nxg3 30. Bxe6+ Kf8 31. Rxg3 Qxf4 32. Qf3 Bb8 33. Bg4 Qxf3 34. Bxf3 Rxg3 0-1

[Event "Madrid-ch"]
[Site "Madrid"]
[Date "2014.02.22"]
[Round "7"]
[White "Munoz Cebey, Ricardo"]
[Black "Merino Araguas, Jose Javier"]
[Result "1/2-1/2"]
[WhiteElo "1878"]
[BlackElo "1813"]
[PlyCount "88"]
[EventDate "2014.02.06"]
[EventType "swiss"]
[EventRounds "9"]
[EventCountry "ESP"]
[SourceTitle "CBM 159 Extra"]
[Source "ChessBase"]
[SourceDate "2014.04.24"]
[SourceVersion "1"]
[SourceVersionDate "2014.04.24"]
[SourceQuality "1"]

1. c4 e5 2. Nc3 d6 3. d4 exd4 4. Qxd4 Nf6 5. b3 Be7 6. Bb2 0-0 7. g3 Nc6 8. Qd2 Bf5 9. Bg2 Re8 10. Nf3 Qd7 11. 0-0 h6 12. Rfe1 Bh7 13. Nd4 Rad8 14. Nxc6 bxc6 15. Rad1 Bf5 16. e4 Bh3 17. Bh1 h5 18. Ne2 h4 19. Nf4 hxg3 20. hxg3 Bg4 21. f3 Be6 22. Bg2 Nh7 23. Nh5 Bg5 24. Qc3 f6 25. e5 Bf7 26. g4 fxe5 27. f4 Bxh5 28. fxg5 Qxg4 29. Rd3 Qxg5 30. Rg3 Qe7 31. Bxc6 Rf8 32. Qe3 Qf6 33. Qxa7 Qf4 34. Qe3 Qxe3+ 35. Rexe3 Rf4 36. Re4 Rxe4 37. Bxe4 Nf6 38. Bg2 Bf7 39. Bc1 Kf8 40. Bg5 Re8 41. a4 Rb8 42. Bxf6 gxf6 43. Be4 Ke7 44. Kf2 Rh8 1/2-1/2

[Event "Madrid-ch"]
[Site "Madrid"]
[Date "2014.02.06"]
[Round "1"]
[White "Munoz Cebey, Ricardo"]
[Black "Castro Uceda, Jose Antonio"]
[Result "1-0"]
[WhiteElo "1878"]
[BlackElo "1620"]
[PlyCount "45"]
[EventDate "2014.02.06"]
[EventType "swiss"]
[EventRounds "9"]
[EventCountry "ESP"]
[SourceTitle "CBM 159 Extra"]
[Source "ChessBase"]
[SourceDate "2014.04.24"]
[SourceVersion "1"]
[SourceVersionDate "2014.04.24"]
[SourceQuality "1"]

1. c4 c5 2. Nf3 Nc6 3. g3 e6 4. Bg2 Nf6 5. Nc3 Be7 6. 0-0 0-0 7. d4 cxd4 8. Nxd4 Bc5 9. e3 Ne5 10. b3 Bb4 11. Bb2 Qa5 12. Qc2 Bxc3 13. Bxc3 Qc5 14. a3 d5 15. Bb4 Qc7 16. Bxf8 Kxf8 17. Rac1 dxc4 18. bxc4 a6 19. Qb3 Nc6 20. Nxc6 bxc6 21. Rb1 Nd7 22. Qa4 Bb7 23. Qb4+ 1-0

[Event "Madrid-ch Previa-B"]
[Site "Madrid"]
[Date "2013.02.23"]
[Round "9"]
[White "Vazquez Cabeza, Isaac"]
[Black "Munoz Cebey, Ricardo"]
[Result "0-1"]
[WhiteElo "1493"]
[BlackElo "1961"]
[PlyCount "126"]
[EventDate "2013.02.01"]
[EventType "swiss"]
[EventRounds "9"]
[EventCountry "ESP"]
[SourceTitle "CBM 152 Extra"]
[Source "ChessBase"]
[SourceDate "2013.02.25"]
[SourceVersion "1"]
[SourceVersionDate "2013.02.25"]
[SourceQuality "1"]

1. c4 e5 2. Nc3 Nc6 3. d3 g6 4. g3 Bg7 5. Bg2 d6 6. Nf3 h6 7. 0-0 Be6 8. Bd2 Qd7 9. Re1 Nge7 10. Rb1 0-0 11. Qc1 Kh7 12. Ne4 f5 13. Nc3 g5 14. h4 g4 15. Nh2 Rf7 16. f4 gxf3 17. Bxf3 Rg8 18. Bh5 Rf6 19. Kf2 d5 20. b3 d4 21. Na4 e4 22. Bf4 e3+ 23. Kg2 b6 24. Nf3 Ng6 25. Bxg6+ Rxg6 26. Kh2 Bf8 27. Rg1 Bd6 28. Bxd6 Qxd6 29. Qe1 f4 30. gxf4 Qxf4+ 31. Kh1 Bg4 32. Rg3 Bxf3+ 33. Rxf3 Qg4 34. Qf1 Qxh4+ 35. Qh3 Qxh3+ 36. Rxh3 Rg2 37. Rh2 Rxh2+ 38. Kxh2 Rf8 39. Rg1 Rf2+ 40. Rg2 Rxg2+ 41. Kxg2 Kg6 42. a3 Ne5 43. c5 Kg5 44. cxb6 cxb6 45. Nb2 h5 46. Nc4 Nc6 47. Nd6 h4 48. Ne4+ Kg4 49. Nf6+ Kf5 50. Ne4 Ne5 51. a4 Ng6 52. b4 Nf4+ 53. Kf3 h3 54. a5 Ke5 55. axb6 axb6 56. b5 Nd5 57. Kg3 Nc3 58. Ng5 Nxe2+ 59. Kxh3 Nf4+ 60. Kg3 Nxd3 61. Nf3+ Kd5 62. Nxd4 Kxd4 63. Kf3 Nc1 0-1

[Event "Madrid-ch Previa-B"]
[Site "Madrid"]
[Date "2013.02.01"]
[Round "1"]
[White "Yaniz Lana, Francisco Javier"]
[Black "Munoz Cebey, Ricardo"]
[Result "1/2-1/2"]
[WhiteElo "1669"]
[BlackElo "1961"]
[PlyCount "75"]
[EventDate "2013.02.01"]
[EventType "swiss"]
[EventRounds "9"]
[EventCountry "ESP"]
[SourceTitle "CBM 152 Extra"]
[Source "ChessBase"]
[SourceDate "2013.02.25"]
[SourceVersion "1"]
[SourceVersionDate "2013.02.25"]
[SourceQuality "1"]

1. d4 d5 2. Nf3 Nf6 3. g3 Bg4 4. Bg2 c6 5. 0-0 e6 6. c4 Nbd7 7. Be3 Be7 8. Nbd2 0-0 9. Qb3 Qb6 10. Qd3 Bf5 11. Qb3 Qxb3 12. axb3 Ne4 13. c5 Nxd2 14. Nxd2 e5 15. dxe5 Bxc5 16. Bxc5 Nxc5 17. f4 a6 18. b4 Nd7 19. e4 dxe4 20. Nxe4 Bxe4 21. Bxe4 Rad8 22. Rfd1 Nb6 23. Bf3 Rfe8 24. Rxd8 Rxd8 25. Rd1 Rxd1+ 26. Bxd1 Nd5 27. b5 axb5 28. Bg4 Nb4 29. Bc8 b6 30. Bd7 Kf8 31. Kg2 Ke7 32. Bf5 g6 33. Be4 Ke6 34. Kf3 Nd5 35. h3 h5 36. g4 hxg4+ 37. hxg4 c5 38. Bb1 1/2-1/2